[Event "Toronto NAYCC U08"]
[Site "Toronto"]
[Date "2013.08.14"]
[Round "1"]
[White "Trakru, Rohun"]
[Black "Whittingham, Dieter"]
[Result "1-0"]
[WhiteElo "1372"]
[BlackElo "625"]
[PlyCount "117"]
[EventDate "2013.08.14"]
[EventType "swiss"]
[EventRounds "9"]
[EventCountry "CAN"]
[SourceTitle "EXT 2022"]
[Source "ChessBase"]
[SourceDate "2021.10.06"]
[SourceVersion "1"]
[SourceVersionDate "2021.10.06"]
[SourceQuality "1"]

1. e4 e5 2. Nf3 Nf6 3. Nxe5 d6 4. Nf3 Nxe4 5. Qe2 Qe7 6. d3 Nf6 7. Qxe7+ Bxe7 8. Nc3 0-0 9. Be2 Nh5 10. Nd4 Nf6 11. Ndb5 Bd8 12. Bg5 Nbd7 13. 0-0-0 a6 14. Nd4 Nc5 15. h4 b5 16. Bf3 Rb8 17. Nc6 Rb6 18. Bxf6 Bxf6 19. Nd5 Rb7 20. Nxf6+ Kh8 21. Nd5 Bd7 22. Nd4 Rc8 23. Ne7 Rcb8 24. Bxb7 Rxb7 25. Nd5 a5 26. Rhe1 b4 27. Re2 Ne6 28. Nxe6 Bxe6 29. Kb1 h5 30. Nf4 Bd7 31. Re7 Bc6 32. f3 a4 33. Nxh5 b3 34. axb3 axb3 35. cxb3 Rxb3 36. Rxc7 Bb5 37. Rc3 Rb4 38. Re1 Rd4 39. Kc2 Ba4+ 40. Kd2 Rxh4 41. Rc4 Rxh5 42. Rxa4 Rh2 43. Re2 Kg8 44. Ra8+ Kh7 45. g3 Rh3 46. Rg2 Kg6 47. Ra6 Rh5 48. Rxd6+ f6 49. b4 Rf5 50. f4 Kh6 51. Ke3 Rb5 52. Rd4 Kg6 53. g4 Kf7 54. g5 f5 55. Rd7+ Ke6 56. Rxg7 Rxb4 57. g6 Rb8 58. Rh7 Rg8 59. g7 1-0